1958 1234 1100 1374 1262 1356 1407 1644 1205 1630 1472 1609 1551 1940 1717 1808 1231 1804 1303 1613 1295 1854 1978 1850 1872 1106 1334 1363 1527 1650 1546 1920 1500 1109 1901 1368 1690 1899 1720 1851 1227 1936 1673 1447 1602 1444 1555 1925 1086 1858 1756 1182 1448 1113 1829 1760 1921 1617 1996 1793 1160 1746 1600 1769 1704 1673 1853 1905 1937 1469 1982 1820 1925 1495 1500 1517 1524 1375 1933 1810 1771 1096 1338 1924 1019 1039 1621 1903 1296 1466 1684 1457 1246 1332 1977 1816 1625 1369 1914 BCNSPRNW ULIB Ver.6.0+V

เปลี่ยนเป็นภาษาไทย

Change to English
 แสดงรายละเอียดบรรณานุกรม
  กลับหน้าหลัก

Brief Record : Get Marc (ISO 2709) : E-mail record : QR code < ปิดหน้าต่าง
LEADER : 00000nam 2200000uu 4500
001    13399126171
003     ULIB
008    020711s2555 th a 000 0 tha d
060    วจ^aWY20.5^bจ634ค
100    ^aจุฑาทิพย์ ศิรินภาดล, ปิยะรัตน์ แสงบำรุง, ธณัฏฐ์ภรณ์ กุลแสนเตา และ อุดมลักษณ์ กาญจนรังสิชัย
245    ^aความพึงพอใจต่อการมีส่วนร่วมในการดำเนินงานประกันคุณภาพการศึกษาของบุคลากรและนักศึกษาวิทยาลัยพยาบาลบรมราชชนนี นครราชสีมา : Satisfaction on Quality Assurance Participation of the Personnel and Student Nurses at Boromarajonani college of Nursing,Nakhornratchasima
260    ^aนครราชสีมา :^bวิทยาลัยพยาบาลบรมราชชนนี นครราชสีมา,^c2555
300    ^a55 หน้า;^b30 ซม.
650    ^aการศึกษา-ประกันคุณภาพ
945    ^p0^l0^i004284
999    ^aประนอม เกษจรัล
รายการนี้ยังไม่มีแท็ก
คุณยังไม่ได้ล็อกอิน คุณสามารถมีกิจกรรมร่วมกับเว็บไซต์ได้ แต่ต้องล็อกอินก่อน ::
  ล็อกอิน

รายการสื่อสารสนเทศ

ลำดับที่ ประเภท เลขเรียก/บาร์โค้ด สถานที่ สถานะ
1. งานวิจัย
งานวิจัย
วจ WY20.5 จ634ค ฉ.1 
  Barcode: 004284
ห้องสมุดวิทยาเขตสวรรค์ประชารักษ์
►หนังสือทั่วไป
บนชั้น

BibComment


ยังไม่เคยถูกคอมเมนท์

คอมเมนท์ทรัพยากรรายการนี้
  คอมเมนท์: ความพึงพอใจต่อกา..


 Copyright 2026. Bcnsprnw @Library